000 00672nam a2200241Ia 4500
003 OSt
005 20220918180212.0
006 a|||||r|||| 00| 0
007 ta
008 220917b |||||||| |||| 00| 0 eng d
024 _a21,108
037 _cTextual
040 _aARTS
_cARTS
_beng
041 _2eng
_aeng
082 _aO111,3N02,3:g, M5
100 _aParminder Singh
_955837
245 0 _aSemiotic analysis of Raja Rao's Serpent and the rope
260 _aDelhi
_bBahri Pub India
_c1991
300 _axi,131p.
_ccm.
650 _aENGLISH LITERATURE
942 _hO111,3N02,3:g, M5
_cTEXL
_2CC
999 _c160706
_d160706